Journal of money laundering control

Bibliographic Details
Corporate Author: University of London. Institute of Advanced Legal Studies
Format: Journal
Language:English
Published: London, UK ; Lawrence, KS, USA : Ed. Henry Stewart Publications,
Subjects:
Online Access:Acceso restringido

MARC

LEADER 00000nas a2200000 4500
005 20120301144550.0
007 cr anunnnuuuaa
008 990928c19979999enk p g 0 eng d
022 |a 1368-5201 
035 |a 6138 
040 |d BUS  |d vLex 
090 |c 3058  |d 3058 
245 0 0 |a Journal of money laundering control  |h [Recurso electrn̤ico] 
256 |a Servicio en ln̕ea. 
260 |a London, UK ;  |a Lawrence, KS, USA :  |b Ed. Henry Stewart Publications, 
300 |a 1 recurso electrn̤ico 
310 |a Cuatrimestral 
362 |a Nm︢. 1 (2002) -  
506 1 |a Contenido solo disponible en los productos indicados  |d vLex Global   |d vLex Global (Academic Edition, excluding Law Schools)   |d vLex Global (U.S. Academic Edition, Law Schools)   |d vLex Global (U.S. Academic Edition, excluding Law Schools)   |d vLex Global (Academic Edition, Law Schools)  
550 |a Issued by the Institute of Advanced Legal Studies. 
650 0 4 |a Delitos econm̤icos  |x Publicaciones perid̤icas. 
650 0 4 |a Fraude fiscal  |x Publicaciones perid̤icas. 
710 2 |a University of London.  |b Institute of Advanced Legal Studies. 
740 0 |a vLex Libros (Servicio en ln̕ea) 
856 4 0 |u http://vlex.com/source/journal-money-laundering-control-6138  |z Acceso restringido 
942 |c REV 
999 0 |a Commercial crimes 
999 0 |a Tax evasion